000 01632cas a22003257c 4500
001 113657
003 UA-OsUOA
005 20230612112549.0
007 ta
008 201509c1995n ||un tr|p| 00| 0 ukrcdukr d
022 _a22255036
040 _aUA-OsUOA
_bukr
_cUA-OsUOA
_dUA-OsUOA
041 _aukr
044 _aUA
080 _a35
090 _a35
_bБ41
099 _a89539
110 _aНаціональний авіаційний університет
245 _aБезпека інформації
_bнауковий журнал
_cгол. ред. Корченко О.
246 3 1 _aUkrainian Scientifik Journal of information security
260 _aК.
_bНаціональний авіаційний університет
_c2021
310 _aтричі на рік
505 _aНауковий журнал «Безпека інформації» засновано у 1995 році. Засновником та видавцем є Національний авіаційний університет.Основною метою журналу є висвітлення результатів наукових досліджень та поширення інформації з усіх аспектів інформаційної безпеки.
650 7 _a35 Державне адміністративне управління. Військове мистецтво. Військові науки.
_2UDC
856 4 0 _uhttp://jrnl.nau.edu.ua/index.php/Infosecurity
942 _cMG
_2udc
_s1
955 _a1
962 _d1995
999 _c354321
_d354321